Chronological and Background Chart of the Old Testament. (Record no. 13381)

MARC details
000 -LEADER
fixed length control field 00639nam a2200241 a 4500
020 ## - INTERNATIONAL STANDARD BOOK NUMBER
ISBN 0310619
082 00 - DEWEY DECIMAL CLASSIFICATION NUMBER
Classification number 221.0202
Author Cutter WAL
100 ## - MAIN ENTRY--AUTHOR NAME
Author name Walton, John H
245 ## - TITLE STATEMENT
Title Chronological and Background Chart of the Old Testament.
260 ## - PUBLICATION, DISTRIBUTION, ETC. (IMPRINT)
Place of publication Michigan
Name of publisher Zondervan Publishing House
Year of publication 1994
300 ## - PHYSICAL DESCRIPTION
Number of Pages 124p
500 ## - GENERAL NOTE
General note includes index and biblioraphy
505 2# - FORMATTED CONTENTS NOTE
Formatted contents note Subject Index
650 ## - SUBJECT ADDED ENTRY--TOPICAL TERM
Topical Term Bible-Chronology
942 ## - ADDED ENTRY ELEMENTS (KOHA)
Koha item type Books
700 1# -
-- Walton, John H
Holdings
Collection code Home library Current library Date acquired Cost, normal purchase price Full call number Accession Number Koha item type
  Henry Martyn Institute Library Henry Martyn Institute Library 06/18/2007 352.00 221.0202 WAL 019618 Books
                   Copyright © 2026 | Henry Martyn Institute | Hyderabad | TS-500052 | INDIA | Implemented by hmi.edu.in
Hit-Count:

Powered by Koha